| 000 -LEADER |
| fixed length control field |
01651cam a22002295i 4500 |
| 020 ## - INTERNATIONAL STANDARD BOOK NUMBER |
| ISBN |
9789251074039 |
| 020 ## - INTERNATIONAL STANDARD BOOK NUMBER |
| ISBN |
9251074038 |
| 040 ## - CATALOGING SOURCE |
| Transcribing agency |
NLE |
| 082 ## - DEWEY DECIMAL CLASSIFICATION NUMBER |
| Classification number |
555 FAO 2013 C104 Or. |
| 245 00 - TITLE STATEMENT |
| Title |
Governing land for women and men : |
| Remainder of title |
a technical guide to support the achievement of responsible gender-equitable governance of land tenure / |
| 300 ## - PHYSICAL DESCRIPTION |
| Number of Pages |
vi, 110 pages : |
| Other physical details |
color illustrations ; |
| Dimensions |
27 cm. |
| 490 1# - SERIES STATEMENT |
| Series statement |
Governance of tenure technical guide ; |
| 500 ## - GENERAL NOTE |
| General note |
Statement of responibility from page iii. |
| 520 ## - SUMMARY, ETC. |
| Summary, etc |
"Gender equality is one of the ten core principles of the Voluntary Guidelines on the Responsible Governance of Tenure of Land, Fisheries and Forests in the Context of National Food Security. This guide aims to assist in its implementation through the achievement of responsible gender-equitable governance of land tenure. The guide focuses on equity and on how land tenure can be governed in ways that address the different needs and priorities of women and men. Gender-equitable governance of land tenure ensures that women and men can participate equally in their relationships to land, through both formal institutions and informal arrangements for land administration and management. The guide provides advice on mechanisms, strategies and actions that can be adopted to improve gender equity in the processes, institutions and activities of land tenure governance."--Publisher's description. |
| 650 #0 - SUBJECT ADDED ENTRY--TOPICAL TERM |
| Topical Term |
Land tenure |
| 650 #0 - SUBJECT ADDED ENTRY--TOPICAL TERM |
| Topical Term |
Equality. |
| 650 #7 - SUBJECT ADDED ENTRY--TOPICAL TERM |
| Topical Term |
Equality. |
| 650 #7 - SUBJECT ADDED ENTRY--TOPICAL TERM |
| Topical Term |
Land tenure |
| 700 1# - ADDED ENTRY--PERSONAL NAME |
| Personal name |
Daley, Elizabeth, |
| 710 2# - ADDED ENTRY--CORPORATE NAME |
| Corporate name or jurisdiction name as entry element |
Food and Agriculture Organization of the United Nations, |
| 942 ## - ADDED ENTRY ELEMENTS (KOHA) |
| Koha item type |
សៀវភៅភាសាខ្មែរ |
| 952 ## - LOCATION AND ITEM INFORMATION (KOHA) |
| Withdrawn status [LOCAL, KOHA] |
0 |
| 952 ## - LOCATION AND ITEM INFORMATION (KOHA) |
| Withdrawn status [LOCAL, KOHA] |
0 |